| 000 | 00421 a2200157 4500 | ||
|---|---|---|---|
| 999 |
_c6249 _d6249 |
||
| 020 | _a9788184113310 | ||
| 050 | _aTX353 PRA 2011 | ||
| 100 |
_aPrasad, Umesh _eauthor |
||
| 245 |
_aFood science and nutrition / _cUmesh Prasad |
||
| 264 |
_aNew Delhi : _bSonali Publications, _c2011. |
||
| 300 |
_a304p. : _bill. |
||
| 500 | _aSonali Publications | ||
| 650 | _aFood. | ||
| 650 | _aNutrition. | ||
| 942 |
_2lcc _cBK _h353 _iPRA _kTX |
||